[Event "Thessaloniki-Chalkidiki-chT"]
[Site "Thessaloniki"]
[Date "2022.03.13"]
[Round "3"]
[White "Ifoulis, Antonios"]
[Black "Hidzos, Georgios"]
[Result "0-1"]
[WhiteElo "1398"]
[BlackElo "1731"]
[PlyCount "98"]
[EventDate "2022.02.20"]
[EventType "team-tourn"]
[EventRounds "7"]
[EventCountry "GRE"]
[SourceTitle "EXT 2024"]
[Source "ChessBase"]
[SourceDate "2023.10.10"]
[SourceVersion "1"]
[SourceVersionDate "2023.10.10"]
[SourceQuality "1"]

1. Nf3 c5 2. g3 Nc6 3. Bg2 g6 4. 0-0 Bg7 5. c3 e5 6. d3 d5 7. h3 Nge7 8. Bg5 Be6 9. Qc1 0-0 10. Bh6 f6 11. Bxg7 Kxg7 12. Nh2 f5 13. Nd2 Qd7 14. Ndf3 h6 15. b4 e4 16. Ne1 cxb4 17. cxb4 Qd6 18. dxe4 dxe4 19. Nc2 Rac8 20. Qb2+ Qe5 21. Qxe5+ Nxe5 22. Nd4 Bc4 23. a3 Rfd8 24. Rfd1 N7c6 25. e3 Nxd4 26. Rxd4 Rxd4 27. exd4 Nc6 28. Rc1 Nxd4 29. Bf1 Be6 30. Rxc8 Bxc8 31. Bc4 Nc2 32. Bb3 Nxa3 33. Nf1 Kf6 34. Ne3 Be6 35. Bd1 Nc4 36. Nc2 Ke5 37. f4+ exf3 38. Bxf3 Bd5 39. Be2 Be4 40. Bxc4 Bxc2 41. Kf2 Kd4 42. Bf7 g5 43. Bg6 Kc3 44. b5 Bd3 45. Ke1 Bxb5 46. Bxf5 Bd3 47. g4 b5 48. Kf2 b4 49. Ke3 Bc2 0-1

[Event "Thessaloniki-Chalkidiki-chT"]
[Site "Thessaloniki"]
[Date "2022.02.27"]
[Round "2"]
[White "Ifoulis, Antonios"]
[Black "Giakoustidis, Spiros Avgerinos"]
[Result "1/2-1/2"]
[WhiteElo "1398"]
[BlackElo "1623"]
[PlyCount "120"]
[EventDate "2022.02.20"]
[EventType "team-tourn"]
[EventRounds "7"]
[EventCountry "GRE"]
[SourceTitle "EXT 2024"]
[Source "ChessBase"]
[SourceDate "2023.10.10"]
[SourceVersion "1"]
[SourceVersionDate "2023.10.10"]
[SourceQuality "1"]

1. Nf3 Nf6 2. g3 g6 3. Bg2 Bg7 4. 0-0 0-0 5. d3 d6 6. Bg5 h6 7. Bd2 e5 8. Qc1 Kh7 9. e4 Be6 10. h3 Nc6 11. Nc3 Ne7 12. Nh2 c6 13. f4 exf4 14. Rxf4 Nh5 15. Rf3 f5 16. g4 fxg4 17. Nxg4 Bxg4 18. hxg4 Rxf3 19. Bxf3 Nf6 20. g5 hxg5 21. Bxg5 Qd7 22. Kg2 Rh8 23. Qf4 Rf8 24. Rh1+ Kg8 25. Qh4 Qe6 26. Bh6 Qf7 27. Bxg7 Qxg7 28. Qg5 Nd7 29. d4 Qf6 30. Qg4 c5 31. e5 dxe5 32. Nd5 Nxd5 33. Bxd5+ Rf7 34. Bxf7+ Qxf7 35. Rf1 Qd5+ 36. Kg3 Kg7 37. Qg5 Qd6 38. dxe5 Nxe5 39. Qf4 Nc4 40. b3 Qxf4+ 41. Kxf4 Na3 42. c4 Kf6 43. Kg4+ Ke6 44. Kg5 b5 45. Rf6+ Ke5 46. Ra6 Nxc4 47. Rxa7 Nd6 48. Rc7 Kd5 49. Kxg6 c4 50. bxc4+ Nxc4 51. Ra7 b4 52. Kf5 Kd4 53. Kf4 Na3 54. Rb7 Kc3 55. Kf3 Nc2 56. Ke2 Nd4+ 57. Kd1 b3 58. axb3 Nxb3 59. Rc7+ Kd3 60. Rb7 Kc3 1/2-1/2

[Event "GRE-ch Online Blitz op 1st"]
[Site "Tornelo INT"]
[Date "2021.02.07"]
[Round "16"]
[White "Ifoulis, Antonios"]
[Black "Merkouropoulos, Dionysios"]
[Result "1-0"]
[WhiteElo "1231"]
[BlackElo "1081"]
[PlyCount "101"]
[EventDate "2021.02.07"]
[EventType "swiss (blitz)"]
[EventRounds "16"]
[EventCountry "GRE"]
[SourceTitle "EXT 2023"]
[Source "ChessBase"]
[SourceDate "2022.10.05"]
[SourceVersion "1"]
[SourceVersionDate "2022.10.05"]
[SourceQuality "1"]

1. e4 e5 2. Nf3 Nc6 3. d4 exd4 4. Bc4 Bc5 5. c3 Nf6 6. e5 d5 7. Bb5 Ne4 8. cxd4 Bb6 9. Bxc6+ bxc6 10. Be3 Ba6 11. a3 0-0 12. Nbd2 Nxd2 13. Qxd2 f6 14. 0-0-0 Rb8 15. Qc2 Bc4 16. b3 Ba6 17. Qxc6 Be2 18. Rd2 Bxf3 19. gxf3 fxe5 20. dxe5 Bxe3 21. fxe3 Rxf3 22. Rxd5 Qe7 23. Rd3 Qxa3+ 24. Kd2 Qb2+ 25. Ke1 Qb1+ 26. Rd1 Qxb3 27. Qxf3 Qc3+ 28. Kf2 Rb2+ 29. Kg3 Qxe5+ 30. Qf4 Qe7 31. Rhf1 Rb4 32. Rd4 Rxd4 33. exd4 h6 34. Rf3 g5 35. Qf5 h5 36. Kf2 g4 37. Re3 Qd6 38. Qe6+ Qxe6 39. Rxe6 Kf7 40. Rh6 a5 41. Rxh5 Ke6 42. Rxa5 Kd6 43. Kg3 c6 44. Kxg4 Kc7 45. h4 c5 46. Rxc5+ Kd6 47. h5 Ke6 48. Kg5 Kf7 49. h6 Kg8 50. Kg6 Kh8 51. Rc8# 1-0

[Event "GRE-ch Online Blitz op 1st"]
[Site "Tornelo INT"]
[Date "2021.02.07"]
[Round "8"]
[White "Ifoulis, Antonios"]
[Black "Seretis, Nikolaos G"]
[Result "1/2-1/2"]
[WhiteElo "1231"]
[BlackElo "1029"]
[PlyCount "98"]
[EventDate "2021.02.07"]
[EventType "swiss (blitz)"]
[EventRounds "16"]
[EventCountry "GRE"]
[SourceTitle "EXT 2023"]
[Source "ChessBase"]
[SourceDate "2022.10.05"]
[SourceVersion "1"]
[SourceVersionDate "2022.10.05"]
[SourceQuality "1"]

1. e4 e5 2. Nf3 Nc6 3. d4 exd4 4. Bc4 Be7 5. c3 dxc3 6. Qd5 Nh6 7. Bxh6 0-0 8. Bxg7 Kxg7 9. Nxc3 Nb4 10. Qd2 Kh8 11. a3 Nc6 12. Nd5 d6 13. Qc3+ Kg8 14. 0-0-0 Be6 15. Nxe7+ Qxe7 16. Bxe6 Qxe6 17. Nd4 Qxe4 18. Nxc6 Qxc6 19. Qxc6 bxc6 20. Rd4 c5 21. Rg4+ Kh8 22. Re1 Rg8 23. Rf4 Raf8 24. Re7 Rxg2 25. Rxc7 Rxh2 26. Rxa7 Kg7 27. Rd7 h5 28. Rxd6 h4 29. Rd5 Rh1+ 30. Kc2 Rh8 31. Rxc5 h3 32. Rc7 h2 33. Rcxf7+ Kg6 34. R7f6+ Kg7 35. Rf7+ Kg6 36. R7f6+ Kg7 37. R6f5 Rc1+ 38. Kxc1 h1Q+ 39. Kc2 Rc8+ 40. Kb3 Qd1+ 41. Ka2 Rc1 42. Rf7+ Kg6 43. R7f6+ Kg5 44. R6f5+ Kh6 45. Rf6+ Kg5 46. R6f5+ Kg6 47. Rf6+ Kg7 48. Rf7+ Kh6 49. R7f6+ Kg5 1/2-1/2

[Event "GRE-ch Online Rapid op 1st"]
[Site "Tornelo INT"]
[Date "2021.02.06"]
[Round "7"]
[White "Ifoulis, Antonios"]
[Black "Seretis, Nikolaos G"]
[Result "1-0"]
[WhiteElo "1314"]
[BlackElo "1029"]
[PlyCount "45"]
[EventDate "2021.02.06"]
[EventType "swiss (rapid)"]
[EventRounds "8"]
[EventCountry "GRE"]
[SourceTitle "EXT 2023"]
[Source "ChessBase"]
[SourceDate "2022.10.05"]
[SourceVersion "1"]
[SourceVersionDate "2022.10.05"]
[SourceQuality "1"]

1. e4 e5 2. Nf3 Nc6 3. d4 exd4 4. Bc4 Be7 5. c3 dxc3 6. Qd5 Nh6 7. Bxh6 0-0 8. Bxg7 Kxg7 9. Nxc3 Nb4 10. Qd2 Kg8 11. a3 Nc6 12. 0-0-0 d6 13. Nd4 Ne5 14. Bb3 Bg4 15. f3 Bh5 16. g4 Bxg4 17. Rhg1 Kh8 18. Rdf1 Nxf3 19. Nxf3 Bxf3 20. Rxf3 Rg8 21. Rfg3 Rxg3 22. Rxg3 h6 23. Qxh6# 1-0

[Event "GRE-ch Online Rapid op 1st"]
[Site "Tornelo INT"]
[Date "2021.02.06"]
[Round "4"]
[White "Margkarian, Alexandros"]
[Black "Ifoulis, Antonios"]
[Result "1-0"]
[WhiteElo "1082"]
[BlackElo "1314"]
[PlyCount "159"]
[EventDate "2021.02.06"]
[EventType "swiss (rapid)"]
[EventRounds "8"]
[EventCountry "GRE"]
[SourceTitle "EXT 2023"]
[Source "ChessBase"]
[SourceDate "2022.10.05"]
[SourceVersion "1"]
[SourceVersionDate "2022.10.05"]
[SourceQuality "1"]

1. d4 Nf6 2. c4 g6 3. Nc3 Bg7 4. Nf3 0-0 5. Bg5 h6 6. Bh4 g5 7. Bg3 d6 8. e3 Nh5 9. Bd3 Nxg3 10. hxg3 e5 11. d5 f5 12. e4 fxe4 13. Nxe4 Bg4 14. Be2 Nd7 15. Nh2 Bf5 16. f3 Bxe4 17. fxe4 Nc5 18. Bf3 Qf6 19. Ng4 Qg6 20. Qc2 h5 21. Ne3 g4 22. Be2 Qxe4 23. Qxe4 Nxe4 24. Rxh5 Nxg3 25. Rg5 Nxe2 26. Kxe2 Rf4 27. g3 Re4 28. Kd3 Rd4+ 29. Kc3 Rf8 30. Nf5 Rxf5 31. Rxf5 e4 32. Rg5 Rd3+ 33. Kc2 Rxg3 34. Re1 e3 35. Re2 Kf7 36. Kd3 Kf6 37. Rh5 Kg6 38. Rh1 Bh6 39. b3 Rf3 40. Reh2 Bg7 41. Rg1 g3 42. Re2 Bh6 43. Ke4 Rf4+ 44. Kd3 Rf3 45. Ke4 Rf4+ 46. Kd3 Rg4 47. Reg2 Bf4 48. Ke2 Kf5 49. Kf3 Rg7 50. Re1 Re7 51. Ree2 Kg5 52. Rxg3+ Bxg3 53. Kxg3 Rg7 54. Kf3 Kh4 55. Rh2+ Kg5 56. Rg2+ Kf6 57. Rxg7 Kxg7 58. Kxe3 Kg6 59. Ke4 Kg5 60. b4 a6 61. a4 c6 62. Kd4 Kf4 63. c5 cxd5 64. cxd6 Kf5 65. Kxd5 Kf6 66. Kc5 Ke6 67. Kb6 Kxd6 68. Kxb7 a5 69. bxa5 Kc5 70. a6 Kb4 71. a7 Kxa4 72. a8Q+ Kb3 73. Kc6 Kc4 74. Qa4+ Kd3 75. Kd5 Kc3 76. Qc4+ Kd2 77. Ke4 Ke1 78. Qa2 Kd1 79. Kd3 Ke1 80. Qe2# 1-0